<?xml version="1.0" encoding="UTF-8"?>
<record
    xmlns:xsi="http://www.w3.org/2001/XMLSchema-instance"
    xsi:schemaLocation="http://www.loc.gov/MARC21/slim http://www.loc.gov/standards/marcxml/schema/MARC21slim.xsd"
    xmlns="http://www.loc.gov/MARC21/slim">

  <leader>01226nam2a2200277   4500</leader>
  <controlfield tag="001">RU\NLR\bibl\5265</controlfield>
  <controlfield tag="005">20250615005359.0</controlfield>
  <datafield tag="010" ind1=" " ind2=" ">
    <subfield code="a">5-88067-014-7</subfield>
    <subfield code="b">&#x442;. 2</subfield>
    <subfield code="9">2000</subfield>
  </datafield>
  <datafield tag="021" ind1=" " ind2=" ">
    <subfield code="a">RU</subfield>
    <subfield code="b">98-5022</subfield>
    <subfield code="9">240</subfield>
  </datafield>
  <datafield tag="035" ind1=" " ind2=" ">
    <subfield code="a">(NLR Aleph) 000005123</subfield>
  </datafield>
  <datafield tag="090" ind1=" " ind2=" ">
    <subfield code="a">14168</subfield>
    <subfield code="c">14168</subfield>
  </datafield>
  <datafield tag="100" ind1=" " ind2=" ">
    <subfield code="a">19980824d1997    |||y0rusy50      ca</subfield>
  </datafield>
  <datafield tag="101" ind1="0" ind2=" ">
    <subfield code="a">rus</subfield>
    <subfield code="d">eng</subfield>
    <subfield code="d">ger</subfield>
    <subfield code="d">fre</subfield>
  </datafield>
  <datafield tag="102" ind1=" " ind2=" ">
    <subfield code="a">RU</subfield>
  </datafield>
  <datafield tag="105" ind1=" " ind2=" ">
    <subfield code="a">|||||||||||||</subfield>
  </datafield>
  <datafield tag="200" ind1="0" ind2=" ">
    <subfield code="a">&#x422;. 2</subfield>
  </datafield>
  <datafield tag="210" ind1=" " ind2=" ">
    <subfield code="d">1997</subfield>
    <subfield code="a">&#x411;. &#x43C;.</subfield>
  </datafield>
  <datafield tag="215" ind1=" " ind2=" ">
    <subfield code="a">382 &#x441;.</subfield>
    <subfield code="c">&#x438;&#x43B;., &#x43F;&#x43E;&#x440;&#x442;&#x440;., &#x444;&#x430;&#x43A;&#x441;.</subfield>
  </datafield>
  <datafield tag="300" ind1=" " ind2=" ">
    <subfield code="a">&#x420;&#x435;&#x437;. &#x43D;&#x430; &#x430;&#x43D;&#x433;&#x43B;., &#x43D;&#x435;&#x43C;., &#x444;&#x440;. &#x44F;&#x437;.</subfield>
  </datafield>
  <datafield tag="327" ind1="1" ind2=" ">
    <subfield code="a">&#x421;&#x43E;&#x434;&#x435;&#x440;&#x436;.: &#x420;&#x430;&#x437;&#x434;&#x435;&#x43B;&#x44B;: &#x420;&#x443;&#x441;&#x441;&#x43A;&#x430;&#x44F; &#x441;&#x432;&#x430;&#x434;&#x44C;&#x431;&#x430;. &#x418;&#x440;&#x442;&#x44B;&#x448;, &#x43F;&#x440;&#x435;&#x432;&#x440;&#x430;&#x449;&#x430;&#x44E;&#x449;&#x438;&#x439;&#x441;&#x44F; &#x432; &#x418;&#x43F;&#x43E;&#x43A;&#x440;&#x435;&#x43D;&#x443;. &#x420;&#x430;&#x437;&#x443;&#x43C; &#x43F;&#x440;&#x43E;&#x441;&#x432;&#x435;&#x449;&#x435;&#x43D;&#x43D;&#x44B;&#x439;. &#x421;&#x43A;&#x440;&#x438;&#x436;&#x430;&#x43B;&#x438; &#x431;&#x435;&#x437;&#x432;&#x440;&#x435;&#x43C;&#x435;&#x43D;&#x44C;&#x44F;. &#x420;&#x43E;&#x441;&#x441;&#x438;&#x439;&#x441;&#x43A;&#x438;&#x439; &#x441;&#x43B;&#x43E;&#x433;.</subfield>
  </datafield>
  <datafield tag="461" ind1=" " ind2="0">
    <subfield code="1">001RU\NLR\bibl\6122</subfield>
    <subfield code="1">2001#$a&#x410;&#x43D;&#x442;&#x43E;&#x43B;&#x43E;&#x433;&#x438;&#x44F; &#x426;&#x435;&#x445;&#x430; &#x41F;&#x43E;&#x44D;&#x442;&#x43E;&#x432;$v&#x422;. 2</subfield>
    <subfield code="9">17219</subfield>
    <subfield code="c">&#x41C;.</subfield>
    <subfield code="d">1997</subfield>
    <subfield code="f">&#x421;&#x43E;&#x441;&#x442;. &#x42E;&#x440;&#x438;&#x439; &#x41C;&#x430;&#x43B;&#x44B;&#x448;&#x435;&#x432;</subfield>
    <subfield code="n">&#x41C;&#x43E;&#x441;&#x43A;. &#x43F;&#x438;&#x441;&#x430;&#x442;&#x435;&#x43B;&#x44C;</subfield>
    <subfield code="o">&#x420;&#x443;&#x441;. &#x43F;&#x43E;&#x44D;&#x437;&#x438;&#x44F; &#x423;&#x440;&#x430;&#x43B;&#x430; XVIII-XX &#x432;&#x432;. : [&#x412; 3 &#x442;.</subfield>
    <subfield code="t">&#x410;&#x43D;&#x442;&#x43E;&#x43B;&#x43E;&#x433;&#x438;&#x44F; &#x426;&#x435;&#x445;&#x430; &#x41F;&#x43E;&#x44D;&#x442;&#x43E;&#x432;</subfield>
    <subfield code="y">5-88067-016-3</subfield>
    <subfield code="v">&#x422;. 2</subfield>
  </datafield>
  <datafield tag="801" ind1=" " ind2="0">
    <subfield code="a">RU</subfield>
    <subfield code="b">NLR</subfield>
    <subfield code="c">19980824</subfield>
    <subfield code="g">PSBO</subfield>
  </datafield>
  <datafield tag="801" ind1=" " ind2="1">
    <subfield code="a">RU</subfield>
    <subfield code="b">NLR</subfield>
    <subfield code="c">19980824</subfield>
  </datafield>
  <datafield tag="852" ind1=" " ind2=" ">
    <subfield code="a">NLR</subfield>
    <subfield code="j">98-2/1195</subfield>
  </datafield>
  <datafield tag="942" ind1=" " ind2=" ">
    <subfield code="c">BOOK</subfield>
  </datafield>
  <datafield tag="980" ind1=" " ind2=" ">
    <subfield code="a">NB</subfield>
  </datafield>
  <datafield tag="995" ind1=" " ind2=" ">
    <subfield code="5">2013-10-26</subfield>
    <subfield code="b">NLR01</subfield>
    <subfield code="c">NLR01</subfield>
    <subfield code="e">RF8</subfield>
    <subfield code="f">1-3060479</subfield>
    <subfield code="k">98-2/1195</subfield>
    <subfield code="o">0</subfield>
    <subfield code="r">BOOK</subfield>
    <subfield code="s">9821195_</subfield>
  </datafield>
</record>
